Регионална библиотека "Любен Каравелов" - Русе

Орехчето (Запис номер 51148)

MARC детайли
000 -Лидер
Контролно поле с фиксирана дължина nam a22 a 4500
003 - Код на организацията, давaща контролен номер
Контролно поле BLK
005 - Дата и час на последна редакция
Контролно поле 20230419152351.0
008 - Елементи от данни с фиксирана дължина
fixed length control field 180408b bul|||||r ||||||| ||bul||
040 ## - Източник на каталожния запис
Идентификатор на билиотеката - собственик на записа BLK
041 ## - Код за език
Код за езика на текст/звукозапис или на отделно заглавие Български
Код за езика КДБФ Български
080 ## - УДК
Текстов определител УДК Българска литература
УДК код - определител по УДК 821.163.2
УДК определител -93-34
УДК - код + определител 821.163.2-93-34
100 1# - Редна дума - Автор
Автор Александрова, Радка
Авторска отговорност първи автор
Автор - информация (биография) Мандаджиева, Радка Александрова
R(LIN) 255491
139 ## - Редно поле
Редна дума Александрова, Радка
Авторски знак Алекс - А 51
245 10 - Сведения за заглавието
Заглавие Орехчето
Подзаглавни данни Приказка
Редно поле (дума) Радка Александрова ; худож. Ана Тузсузова.
257 ## - Страна на издаване
Страна на създаване/издаване България
260 ## - Област на издателските данни
Място на издаване, разпространение и проч. София
Име на издателя, разпространителя и проч. Нар. младеж
Година на издаване 1970
300 ## - Физическа характеристика
Страници 80 с.
Илюстрации и др. с ил.
Размери/Мащаб 22 см
380 ## - Жанр
Жанр Детска худож. лит.
500 ## - Общи забележки
Забележка Пълното име на авт. е Радка Александрова Мандаджиева.
700 1# - Други автори (авторска отговорност)
Лично име Тузсузова, Ана Николова
Автороска отговорност (Описва отношението между автора и произведението) худож.
9 (RLIN) 283650
852 ## - Местоположение
Форматна сигнатура Цб 80276
Фондова буква Хранилище
856 4# - Електронен адрес и достъп
Електронен формат pdf - файл
Инструкция (цена за достъп) 0.00
Права за достъп disable
856 4# - Електронен адрес и достъп
Електронен формат pdf - файл
Инструкция (цена за достъп) 0.00
Права за достъп disable
999 ## - СИСТЕМНИ КОНТРОЛНИ НОМЕРА
Koha biblionumber 51148
Koha biblioitemnumber 51148
942 ## - АРТИКУЛИ
Вид на библиотечния материал Книги
Скрит в OPAC Не
Периодичен библиозапис Да
Koha issues (borrowed), all copies 1
944 ## - СЪЗДАВАНЕ И РЕДАКЦИЯ на ЗАПИСА
Създаване/Редакция Създаване
Дата на регистрацията/редакция 15.06.2011
Статус, дата на статуса 15.06.2011 - от С1,Р / 15.06.2011
Служител, извършил регистрацията/редакцията Виолета_Тройчева
944 ## - СЪЗДАВАНЕ И РЕДАКЦИЯ на ЗАПИСА
Създаване/Редакция Редакция
Дата на регистрацията/редакция 20.09.2017
Статус, дата на статуса 15.06.2011 - от С1,Р / 15.06.2011
Служител, извършил регистрацията/редакцията Ива_Цветкова
999 ## - СИСТЕМНИ КОНТРОЛНИ НОМЕРА
Koha biblioitemnumber 51148
Наличности
Код за отписване Код за изгубен артикул Източник на класификационната схема Код за повреда Коз за рестрикции Код за отдаване Артикулен № Име на библиотеката - собственик Име на библиотеката, в която се намира в момента Статус (Текущо местоположение) Дата на вписване в системата Местоположение - отдел Цена в лева Инвентарен номер Систематично азбучна сигнатура Баркод Номер на екземпляра Цена в евро Служебна бележка Служебен тип на артикула Бележка за публиката
  Не е изгубен Universal Decimal Classification Не е повреден само за читалня ползва се в читалня 80464 Регионална библиотека "Любен Каравелов" Русе Регионална библиотека "Любен Каравелов" Русе Хранилище 1970-01-01 Хранилище 0.50 73051 Цб 80276 120000073051 1 0.26 Дост: Dp Вид: Д N: стар фонд Дата: 01.01.1970 Книги  
Изтеглен Не е изгубен   Не е повреден без рестрикции заемане за дома 80465 Регионална библиотека "Любен Каравелов" Русе Регионална библиотека "Любен Каравелов" Русе   1970-01-01 Детски отдел 0.50 72587 ДХ 886.7/А 51 72587 2 0.26 Дост: Pk Вид: Ф N: стар фонд Дата: 01.01.1970 Дата инв: 18.09.2015 Бележки инв: Д2015 Книги Отч.N: 39/2017 , Дата: 07.09.2017
Изтеглен Не е изгубен   Не е повреден без рестрикции заемане за дома 80466 Регионална библиотека "Любен Каравелов" Русе Регионална библиотека "Любен Каравелов" Русе   1970-01-01 Детски отдел 0.50 72589 ДХ 886.7/А 51 72589 3 0.26 Дост: Pk Вид: Ф N: стар фонд Дата: 01.01.1970 Дата инв: 18.09.2015 Бележки инв: Д2015 Книги Отч.N: 39/2017 , Дата: 07.09.2017
  Не е изгубен Universal Decimal Classification Не е повреден без рестрикции заемане за дома 80467 Регионална библиотека "Любен Каравелов" Русе Регионална библиотека "Любен Каравелов" Русе Детски отдел 1970-01-01 Детски отдел 0.50 72592 ДХ 886.7/А 51 120000072592 4 0.26 Дост: Pk Вид: Ф N: стар фонд Дата: 01.01.1970 Дата инв: 18.09.2015 Бележки инв: Д2015 Книги  
Vip Innovations Ltd, Rousse, Bulgaria 2025